Brownfield sites (Record no. 106325)

MARC details
000 -LEADER
fixed length control field 01578cam a2200361 4500
001 - CONTROL NUMBER
control field L136129
008 - FIXED-LENGTH DATA ELEMENTS--GENERAL INFORMATION
fixed length control field 070112n2005 000 0 eng u
020 ## - INTERNATIONAL STANDARD BOOK NUMBER
International Standard Book Number 1860818919
035 ## - SYSTEM CONTROL NUMBER
System control number (Sirsi) u136129
041 0# - LANGUAGE CODE
Language code of text/sound track or separate title eng
050 04 - LIBRARY OF CONGRESS CALL NUMBER
Classification number 614.76 $2 18
100 1# - MAIN ENTRY--PERSONAL NAME
Personal name Skinner, H. D.
245 00 - TITLE STATEMENT
Title Brownfield sites
Remainder of title an intergrated ground engineering strategy
260 ## - PUBLICATION, DISTRIBUTION, ETC.
Place of publication, distribution, etc. Watford
Name of publisher, distributor, etc. BRE
Date of publication, distribution, etc. 2005
300 ## - PHYSICAL DESCRIPTION
Extent vii, 70p.
Other physical details ill.
Dimensions 30cm.
505 2# - FORMATTED CONTENTS NOTE
Formatted contents note Outline of ground engineering strategy -- Brownfield hazards -- Hazard assessment -- Risk mitigation -- Ground treatment and remediation techniques --Case histories -- Acts, regulation and guidance
520 ## - SUMMARY, ETC.
Summary, etc. Discusses the risk management and the process by which the ground engineering strategy is implemented, the receptors affected by hazards in the ground, the design and construction of foundations and services for the purpose of risk mitigation, and the interaction of geotechnical and remediation techniques.
590 ## - LOCAL NOTE (RLIN)
Local note KA
650 24 - SUBJECT ADDED ENTRY--TOPICAL TERM
Topical term or geographic name entry element ENVIRONMENTAL PROTECTION ACT 1990
650 24 - SUBJECT ADDED ENTRY--TOPICAL TERM
Topical term or geographic name entry element WASTE MANAGEMENT LICENSING REGULATIONS 1994
650 24 - SUBJECT ADDED ENTRY--TOPICAL TERM
Topical term or geographic name entry element CONTROL OF POLLUTION ACT 1974
650 24 - SUBJECT ADDED ENTRY--TOPICAL TERM
Topical term or geographic name entry element GROUNDWATER REGULATIONS 1998
650 24 - SUBJECT ADDED ENTRY--TOPICAL TERM
Topical term or geographic name entry element WATER RESOURCES ACT 1991
650 24 - SUBJECT ADDED ENTRY--TOPICAL TERM
Topical term or geographic name entry element TOWN AND COUNTRY PLANNING ACT 1990
650 24 - SUBJECT ADDED ENTRY--TOPICAL TERM
Topical term or geographic name entry element BUILDING ACT 1984
650 24 - SUBJECT ADDED ENTRY--TOPICAL TERM
Topical term or geographic name entry element BUILDING REGULATIONS 2000
651 #4 - SUBJECT ADDED ENTRY--GEOGRAPHIC NAME
Geographic name United Kingdom
Chronological subdivision
690 ## - LOCAL SUBJECT ADDED ENTRY--TOPICAL TERM (OCLC, RLIN)
Topical term or geographic name as entry element PROPERTY-PROPERTY MANAGEMENT-REGENERATION
690 ## - LOCAL SUBJECT ADDED ENTRY--TOPICAL TERM (OCLC, RLIN)
Topical term or geographic name as entry element ENVIRONMENTAL AND LAND CONSULTANCY-WASTE MANAGEMENT
700 1# - ADDED ENTRY--PERSONAL NAME
Personal name Charles, J.A.
700 1# - ADDED ENTRY--PERSONAL NAME
Personal name Tedd, P.
942 ## - ADDED ENTRY ELEMENTS (KOHA)
Suppress in OPAC 0
Holdings
Withdrawn status Lost status Source of classification or shelving scheme Damaged status Not for loan Home library Current library Shelving location Date acquired Cost, normal purchase price Total Checkouts Full call number Barcode Date last seen Date last checked out Copy number Cost, replacement price Price effective from Koha item type
    Dewey Decimal Classification     London London Folio 02/02/2007 60.00 2 F614.76 SKI 30073608 20/03/2024 30/03/2007 1 60.00 06/08/2019 Book